000 00316nam a22001457a 4500
003 SGT
082 _a611
_bR14W
100 _aWAUGH, ANNE
245 _aROSS AND WILSON ANATOMY & PHYSIOLOGY
250 _a12TH
260 _aEDINBURGH
_bELSEVIER
_c2014
300 _a509
650 _aANATOMY
942 _2ddc
_cBK
_0117
999 _c10120
_d10120